01014 a2200193 4500001000500000005001700005008004100022003001500063040004000078080007300118245002400191020002200215264005200237300001900289505032900308100002000637700004700657856011600704228520260407155423.0260407a2006 arg spa dAR-UNSa-BCEJYS aAR-UNSa-BCEJYSbspacAR-UNSa-BCEJYS a347.91xProcedimientos civiles particulares (Derecho Procesal Civil)10aProcesos colectivos a978-950-727-757-3 1aBuenos Aires :bRubinzal-Culzoni Editoresc2006 a507 p.c22 cm. a1. Las manifestaciones de los derechos protegidos.Diferencias conceptuales y efectos de la tutela jurisdiccional sobre los derechos difusos,colectivos y homogéneos - 2. Legitimación y representación adecuada - 3. Pautas procesales que garanticen la efectividad del proceso colectivo - 4. Litispendencia y cosa juzgada.1 aOteiza, Eduardo1 aAsociación Argentina de Derecho Procesal41uhttps://biblioeco.unsa.edu.ar/pmb/images/libros/Procesos colectivos2-l118258.jpgyImagen de portadaqimage/jpeg